| 000 | 01034nam a2200253Ia 4500 | ||
|---|---|---|---|
| 003 | OSt | ||
| 005 | 20210812142700.0 | ||
| 008 | 210310s2006 ck ado gr 000 0 spa d | ||
| 020 | _a9789586952606 | ||
| 040 |
_aCO-JMCR _cCO-JMCR |
||
| 041 | 0 | _aspa | |
| 082 | 0 | 4 |
_a332.1 / _bG643c _223 |
| 100 | 1 |
_aUrbina Gonzalez, Amparo de, _eautora _939341 |
|
| 245 | 1 | 0 |
_aCrecimiento de Bogotá y dispersión de funciones bancaria desde su centro histórico 1950-2000 / _cAmparo de Urbina González |
| 250 | _aPrimera edición | ||
| 260 |
_aBogotá : _bUniversidad de los Andes, _c2006. |
||
| 300 |
_a69 páginas : _bilustraciones y gráficas en blanco y negro ; _c28 cm. |
||
| 504 | _aBibliografía : páginas 57-60. | ||
| 505 | _aMetodología. -- Centros urbanos- centros históricos. -- El centro histórico de Bogotá. -- La actividad bancaria. -- Diagnóstico. | ||
| 650 | 1 | 4 |
_aHistoria _vBancos _zBogotá : Colombia _939342 |
| 650 | 2 | 4 |
_aBanca _zColombia _938879 |
| 650 | 2 | 4 |
_aCentros urbanos _zColombia _939343 |
| 942 |
_2ddc _cBK |
||
| 999 |
_c12152 _d12152 |
||